| 000 | 00485nam a2200169Ia 4500 | ||
|---|---|---|---|
| 008 | 231217s9999 xx 000 0 und d | ||
| 020 | _a81-7881-591-5 | ||
| 041 | _aEnglish | ||
| 082 | _a378.071 NAT.3;1 R | ||
| 100 | _aNatarajan, R | ||
| 245 | 0 | _aTechnical education V.3 : current status and future directions | |
| 250 | _a1st ed. | ||
| 260 |
_c2005 _bICFAI _aHyderabad |
||
| 300 | _axxviii+221 | ||
| 650 | _aTechnical,education,V.3,:,current,status,directions | ||
| 942 | _cAA | ||
| 999 |
_c176814 _d176814 |
||